Currency - Sudden Death - Statistics

General Stats
  • This quiz has been taken 74 times
    70 since last reset
  • The average score is 4 of 10
Answers on the Grid
Answers color-coded by a green-red scale on the quiz's grid according to % correct below.
Bitcoin
Buck
Cobalt
Dinar
Dollar
Drachma
Frank
Gold
Leu
Lew
Lilangeni
Łódź
Qian
Rand
Robux
Ruble
Simoleon
Won
Yuan
Złoty
 
Answer Stats
Answer % Correct
Dollar
75%
Dinar
69%
Yuan
48%
Ruble
46%
Złoty
44%
Won
42%
Rand
37%
Leu
35%
Gold
15%
Lilangeni
6%
No matching quizzes found
Score Distribution
Percent of People with Each Score
Percentile by Number Answered
Your Score History
You have not taken this quiz since the last reset